| 000 | 01056nam a22003617a 4500 | ||
|---|---|---|---|
| 001 | BR2014000088 | ||
| 003 | BR-BrBNA | ||
| 005 | 20230928104334.0 | ||
| 007 | ta | ||
| 008 | 230509b bl.||||| |||| 00| 0 por d | ||
| 040 |
_aBR-BrBNA _bpor _cBiblioteca Nacional de Agricultura |
||
| 041 | _a(Por) | ||
| 072 |
_aF01 ; E14 _b0312 _b1121 |
||
| 090 | _ 0312 BR2014000088 | ||
| 100 | 1 | _aSantos, A.F. dos (ed.) | |
| 100 | 1 | _aCorrea Júnior, C. (ed.) | |
| 100 | 1 | _aNeves, E.J.M. (ed.) | |
| 110 | 1 | _aEMBRAPA Florestas, Colombo, PR (Brasil) | |
| 245 | 1 | _aPalmeiras para produção de palmito: juçara, pupunheira e palmeira real | |
| 250 | 1 | _a2. ed. | |
| 260 | 3 |
_aColombo, PR (Brasil): _c2008. |
|
| 300 | _a190 p. | ||
| 500 | _aIncludes several bibliographies; 61 illus.; 5 tables | ||
| 650 | _aPALMEIRA OLEAGINOSA | ||
| 650 | _aPALMITO | ||
| 650 | _aAGRONEGÓCIO | ||
| 650 | _aPUPUNHA | ||
| 650 | _aDOENÇA DE PLANTA | ||
| 650 | _aSEGURANÇA ALIMENTAR | ||
| 650 | _aPROCESSAMENTO | ||
| 909 |
_a202309 _bLucia _c55 _dLucia Elande |
||
| 942 | _cBK | ||
| 999 |
_c79383 _d79383 |
||